000 00772cam a2200193 4500500
005 20260405004002.0
041 _afre
042 _adc
100 1 0 _aMerker, Anne
_eauthor
700 1 0 _ade Oliveira, Victorine
_eauthor
245 0 0 _a“Selon Nietzsche, nous ne sommes que des fragments de poussière ballottés dans le grand sablier du temps qui se retourne éternellement” Anne Merker présente le concept d’“éternel retour”
260 _c2026.
500 _a94
690 _aEternel retour
690 _aFriedrich Nietzsche
690 _aRecommencer
786 0 _nPhilosophie magazine | 196 | 1 | 2026-01-01 | p. 104-108 | 1951-1787
856 4 1 _uhttps://shs.cairn.info/magazine-philosophie-magazine-2026-1-page-104?lang=fr&redirect-ssocas=7080
999 _c2072663
_d2072664